01038nam a2200193Ia 4500001001100000003001000011008004100021040002500062041001300087100003500100245004400135250001100179260006100190300002600251500021500277501011400492520021500606650002300821L248-15215IT-CnALBA170116s9999||||xx |||||||||||||| ||und|| aIT-CnALBAcIT-CnALBA aITALIANO aDE SEGUR GASTONE, CONTE, MONS. 0aLA CONFESSIONE. CON APPENDICE PRATICA.  a1a ed. a TO BO CT PAbSOCIETÀ ED. INTER. c1923 [1° Ed.:1923] a99 p. (prefazione: 3) aTRADUZIONE DAL FRANCESE DI D. MASSIMO ALBERA. CONFESSIONE. NECESSITÀ. INVENZIONE DEI PRETI? PROTESTANTI. CORAGGIO. SEGRETO SACRAMENTALE. IN MORTE. ESAME DI COSCIENZA. CONTRIZIONE. ASSOLUZIONE. SODDISFAZIONE.  aSocietà San Paolo EM - Piazza San Paolo, 14 - 12051 ALBA (CN) (non commercial uses only) ® Copyright 2017 aTRADUZIONE DAL FRANCESE DI D. MASSIMO ALBERA. CONFESSIONE. NECESSITÀ. INVENZIONE DEI PRETI? PROTESTANTI. CORAGGIO. SEGRETO SACRAMENTALE. IN MORTE. ESAME DI COSCIENZA. CONTRIZIONE. ASSOLUZIONE. SODDISFAZIONE.  aASCETICA E MISTICA